[Event "Novokuznetsk-ch op"]
[Site "Novokuznetsk"]
[Date "2010.12.12"]
[Round "9"]
[White "Boldov, Evgeniy"]
[Black "Polyanskiy, Vladimir"]
[Result "0-1"]
[WhiteElo "2098"]
[BlackElo "2206"]
[PlyCount "170"]
[EventDate "2010.11.14"]
[EventType "swiss"]
[EventRounds "9"]
[EventCountry "RUS"]
[SourceTitle "EXT 2022"]
[Source "ChessBase"]
[SourceDate "2021.10.06"]
[SourceVersion "1"]
[SourceVersionDate "2021.10.06"]
[SourceQuality "1"]

1. e4 d6 2. Nc3 Nf6 3. Nf3 e6 4. d4 Be7 5. Bd3 0-0 6. 0-0 Nc6 7. h3 Nb4 8. a3 Nxd3 9. Qxd3 h6 10. Be3 b6 11. a4 a5 12. d5 Ba6 13. Nb5 Bb7 14. c4 Nd7 15. Rfe1 Bf6 16. Qc2 Rc8 17. Rad1 Qe7 18. b3 Rfe8 19. Qd2 exd5 20. exd5 Qd8 21. Bd4 Bxd4 22. Qxd4 Nc5 23. Rxe8+ Qxe8 24. Re1 Qd7 25. Qe3 Ba6 26. Nfd4 Kf8 27. Nc6 Bxb5 28. axb5 Re8 29. Qxe8+ Qxe8 30. Rxe8+ Kxe8 31. Nd4 Kd7 32. f3 f5 33. Kf2 Ke8 34. Ke3 Kf7 35. Kf4 Kf6 36. g4 fxg4 37. fxg4 g6 38. h4 g5+ 39. hxg5+ hxg5+ 40. Kf3 Ke5 41. Nc6+ Kf6 42. Nd4 Kf7 43. Ke3 Kg6 44. Kf3 Kf6 45. Ke3 Kf7 46. Ke2 Kg8 47. Kf3 Kh7 48. Ke3 Kg7 49. Kf3 Kg6 50. Ke2 Kh6 51. Ke3 Kh7 52. Kf3 Kg7 53. Ke3 Kf8 54. Kd2 Ke8 55. Ke3 Kd7 56. Kf3 Ke7 57. Ke3 Kf6 58. Kf3 Nd3 59. Ne6 Nc1 60. Nxc7 Nxb3 61. Ke4 a4 62. Na6 a3 63. Nb4 Nc5+ 64. Kd4 Nd7 65. Kc3 Ne5 66. Nc2 a2 67. Kb2 Nxg4 68. Kxa2 Ne5 69. Ne3 g4 70. Kb3 g3 71. Kc3 Kg5 72. c5 dxc5 73. d6 Kf4 74. Ng2+ Kf3 75. Ne1+ Ke2 76. Ng2 Kf2 77. Nf4 g2 78. Kb3 g1Q 79. Nh3+ Kf1 80. Nxg1 Kxg1 81. Kc3 Kf2 82. Kb3 Kf3 83. Kc2 Ke4 84. Kc3 Kd5 85. Kb3 c4+ 0-1

[Event "Novokuznetsk-ch op"]
[Site "Novokuznetsk"]
[Date "2010.12.11"]
[Round "8"]
[White "Boldov, Evgeniy"]
[Black "Alimov, Alexander"]
[Result "1-0"]
[WhiteElo "2098"]
[BlackElo "1997"]
[PlyCount "153"]
[EventDate "2010.11.14"]
[EventType "swiss"]
[EventRounds "9"]
[EventCountry "RUS"]
[SourceTitle "EXT 2022"]
[Source "ChessBase"]
[SourceDate "2021.10.06"]
[SourceVersion "1"]
[SourceVersionDate "2021.10.06"]
[SourceQuality "1"]

1. e4 c5 2. Nf3 a6 3. c4 e6 4. Nc3 Qc7 5. d4 cxd4 6. Nxd4 Nf6 7. Be3 b6 8. f3 Bb7 9. Qb3 d6 10. Na4 Nbd7 11. Nc2 Rb8 12. Be2 Be7 13. 0-0-0 0-0 14. g4 Rfd8 15. h4 Ba8 16. h5 Nc5 17. Nxc5 bxc5 18. Qc3 Nxe4 19. fxe4 Bf6 20. Nd4 cxd4 21. Bxd4 e5 22. Be3 Bxe4 23. Rhf1 Be7 24. Bf3 Qc6 25. Rd5 Bxf3 26. Rxf3 Rdc8 27. g5 Qxc4 28. Qxc4 Rxc4+ 29. Kb1 Rb5 30. Rxb5 axb5 31. Bd2 d5 32. Rb3 b4 33. a3 f5 34. axb4 g6 35. hxg6 hxg6 36. b5 Rc7 37. b6 Rb7 38. Rb5 Bd6 39. Ba5 d4 40. Rd5 Bb8 41. Rc5 f4 42. Kc2 Bd6 43. Rc6 Bf8 44. Kd3 f3 45. Rxg6+ Kh7 46. Rf6 Be7 47. Rxf3 Bxg5 48. Rf8 Kg6 49. Ke4 Bf6 50. Rc8 d3 51. Kxd3 Kf5 52. Rc7 e4+ 53. Ke3 Bg5+ 54. Kd4 Bf6+ 55. Kd5 Rb8 56. b4 e3 57. b5 e2 58. b7 Bh4 59. Kc6 Re8 60. Rc8 Re6+ 61. Kd5 Bg3 62. Rf8+ Rf6 63. Re8 Rd6+ 64. Kc5 Re6 65. b8Q Bxb8 66. Rxb8 e1Q 67. Bxe1 Rxe1 68. Rf8+ Kg6 69. b6 Rc1+ 70. Kd6 Rd1+ 71. Kc7 Rc1+ 72. Kb8 Kg7 73. Rf2 Rb1 74. b7 Re1 75. Rb2 Kf7 76. Ka7 Ra1+ 77. Kb6 1-0

[Event "Novokuznetsk-ch op"]
[Site "Novokuznetsk"]
[Date "2010.11.14"]
[Round "1"]
[White "Parygin, Dmitriy"]
[Black "Boldov, Evgeniy"]
[Result "1/2-1/2"]
[WhiteElo "1898"]
[BlackElo "2098"]
[PlyCount "100"]
[EventDate "2010.11.14"]
[EventType "swiss"]
[EventRounds "9"]
[EventCountry "RUS"]
[SourceTitle "EXT 2022"]
[Source "ChessBase"]
[SourceDate "2021.10.06"]
[SourceVersion "1"]
[SourceVersionDate "2021.10.06"]
[SourceQuality "1"]

1. e4 e6 2. d4 d5 3. e5 c5 4. c3 Qb6 5. Nf3 Bd7 6. Be2 Bb5 7. 0-0 Bxe2 8. Qxe2 Qa6 9. Qxa6 Nxa6 10. a3 c4 11. Re1 Ne7 12. Nbd2 Nc6 13. b4 cxb3 14. Nxb3 Be7 15. a4 b6 16. Ba3 Rc8 17. Rec1 Bxa3 18. Rxa3 Ke7 19. Kf1 Rc7 20. Ke2 Rhc8 21. Kd2 f6 22. Raa1 fxe5 23. Nxe5 Nxe5 24. dxe5 Nc5 25. Nxc5 Rxc5 26. Rab1 Ra5 27. Rb4 Rc4 28. Ra1 Kd7 29. Kd3 Kc6 30. f4 Kc5 31. Rxc4+ dxc4+ 32. Kc2 b5 33. Rd1 Rxa4 34. Kb2 a5 35. f5 exf5 36. e6 b4 37. e7 bxc3+ 38. Kxc3 Ra3+ 39. Kd2 c3+ 40. Kc2 Kc4 41. Re1 Ra2+ 42. Kb1 Kb3 43. Re3 Rb2+ 44. Kc1 Ra2 45. Kd1 f4 46. Rf3 Ra1+ 47. Ke2 Ra2+ 48. Ke1 Ra1+ 49. Kf2 Ra2+ 50. Kf1 Ra1+ 1/2-1/2